000 00535nam a22001817a 4500
999 _c3728
_d3685
008 190802b ||||| |||| 00| | eng d
020 _a9789750509223
041 _atur
050 _aPL219
100 _91639
_aArmağan, Yalçın
245 _aİmkansız Özerklik
_bTürk Şiirinde Modernizm
250 _a1.Baskı
260 _aİstanbul:
_bİletişim Yayınları,
_c2011
300 _a172 Sayfa
_c20 cm.
500 _aİletişim Yayınları ; 1626 Edebiyat Eleştirisi ; 17
650 0 _9145
_aTürk Edebiyatı
942 _2lcc
_cBK